000 00519nam a2200181Ia 4500
005 20250508150414.0
008 008 250505s9999 xx 000 0 eng d
037 _aTextual
040 _aFEDL
_beng
_cFEDL
041 _aeng
_2eng
084 _a378.01, NEW
_qFEDL
100 _aNewman John Henry
245 0 _aSelect discourses from the idea of a university
260 _aCambridge
_bCambridge University Press
_c1931
300 _a164p.
942 _cTEXL
_h378.01, NEW
999 _c1323468
_d1323468